Linear analysis of thin walled elastic structures (Record no. 27674)

MARC details
000 -LEADER
fixed length control field 00329nam a2200121Ia 4500
082 ## - DEWEY DECIMAL CLASSIFICATION NUMBER
Classification number 624.011.7
Item number MEG
100 ## - MAIN ENTRY--AUTHOR NAME
Personal name Megson, T H G
245 #0 - TITLE STATEMENT
Title Linear analysis of thin walled elastic structures
260 ## - PUBLICATION, DISTRIBUTION, ETC. (IMPRINT)
Place of publication Surrey
Name of publisher Intertext
Year of publication 1974
650 ## - SUBJECT ADDED ENTRY--TOPICAL TERM
Topical Term Elastic structures
942 ## - ADDED ENTRY ELEMENTS (KOHA)
Koha item type Books
Holdings
Withdrawn status Lost status Damaged status Not for loan Home library Current library Date acquired Cost, normal purchase price Full call number Accession Number Koha item type
        RRII Library RRII Library 16/12/2021 5.00 624.011.7 MEG 08292 Books